000 00766nam a2200253 4500
001 121641
003 ES-MaACL
005 20230906191806.0
007 t|
008 070214s1936 sp r ||||1| spa d
100 0 _aPlatón.
_992598
245 1 0 _aDiálogos dogmáticos /
_cPlatón ; traducido por D. Luis Roig de Lluis.
260 _aMadrid :
_b[s. n.],
_c1936 (
_fImp. L. Rubio)
300 _a326 p. ;
_c17 cm.
490 1 _aObras completas de Platón ;
_v5
505 8 _aContiene: Fedón ; Gorgias ; El banquete
700 1 _aRoig de Lluis, Luis.
_999011
740 0 _aFedón.
740 0 _aGorgias.
740 0 _aEl banquete.
830 0 _aObras completas de Platón ;
_v5
_9186517
852 _aES-MaACL
_jE-516
_bR.18484
999 _c121641
_d121641